|
|
|
|
| LEADER |
00000cam a2200000 a 4500 |
| 001 |
1/119005 |
| 008 |
190603s1966####gr | ||| |||| ||gre|| |
| 040 |
|
|
|a GR-MyUa
|b gre
|c GR-MyUa
|e AACR2
|
| 041 |
0 |
|
|a gre
|
| 082 |
7 |
|
|a 907.12
|2 (23)
|
| 100 |
1 |
|
|a Θεοδωράκης, Μάρκος,
|d 1930-
|
| 245 |
1 |
0 |
|a Θέματα ιστορίας :
|b για τις εξετάσεις του ακαδημαϊκού απολυτηρίου Β' τύπου /
|c Μ. Θεοδωράκη.
|
| 250 |
|
|
|a 2η εκδ.
|
| 260 |
|
|
|a Αθήναι :
|b Τομή,
|c 1966.
|
| 300 |
|
|
|a 200 σ. ;
|c 22 εκ.
|
| 650 |
|
0 |
|a History
|x Study and teaching.
|
| 852 |
|
|
|a INST
|b RHODES
|c AKA
|e 20190603
|h 907.12 ΘΕΟ
|p 005400032148
|q 005400032148
|t BK
|y 0
|
| 970 |
|
|
|a Κόζα
|b Μαρία
|z 03/06/2019
|